Diputació de Barcelona : qui som : més serveis per als ajuntaments, més benestar per a la ciutadania qui som :
Descripción Física:
[16] p. ; 21 cm
MARC
| LEADER | 00000nam a2200000Ia 4500 | ||
|---|---|---|---|
| 001 | 21734 | ||
| 008 | 160829s2009 xx 000 0 cat d | ||
| 080 | |a FU-43-55 | ||
| 110 | 1 | |a Barcelona (Catalunya : Província). |b Diputació |9 52408 | |
| 245 | |a Diputació de Barcelona : |b qui som : |b més serveis per als ajuntaments, més benestar per a la ciutadania | ||
| 260 | |a Barcelona : |b la Diputació, |c 2009 | ||
| 300 | |a [16] p. ; |c 21 cm | ||
| 590 | |a Abril 2009 | ||
| 610 | 1 | 0 | |a Barcelona (Catalunya : Província). |b Diputació |9 52408 |
| 901 | |a Arxiu | ||
| 942 | |n 1 | ||
| 952 | |0 0 |1 0 |4 0 |6 FU4355 |7 1 |9 52818 |a Arxiu |b Arxiu |d 2016-12-01 |l 0 |o FU-43-55 |p 21734 |r 2016-12-01 00:00:00 |w 2016-12-01 |y ARXIU | ||
| 999 | |c 56667 |d 56667 | ||